Chantuns da la Svizra (Rumantsch) - Statistics

General Stats
  • This quiz has been taken 15 times
  • The average score is 16 of 26
Answers on the Map
Answers color-coded by a green-red scale on the quiz's map according to % correct below.
 
Answer Stats
Chantun % Correct
Tessin
100%
Vallais
100%
Friburg
90%
Grischun
90%
Soloturn
90%
Uri
90%
Zug
90%
Berna
80%
Neuchâtel
80%
Lucerna
70%
Sursilvania
70%
Turgovia
70%
Argovia
60%
Sutsilvania
60%
Sviz
60%
Giura
50%
Schaffusa
50%
Basilea-Champagna
40%
Genevra
40%
Turitg
40%
Vad
40%
Basilea-Citad
30%
Son Gagl
30%
Glaruna
20%
Appenzell Dadens
10%
Appenzell Dadora
10%
No matching quizzes found
Score Distribution
Percent of People with Each Score
Percentile by Number Answered
Your Score History
You have not taken this quiz